Statystyki dla Young Multi - TOXIC

Kliknij tutaj aby rozwiązać quiz!

Ogólne statystyki

  • Ten quiz został rozwiązany 467 razy
  • Średni wynik to 14 z 18

Statystyki odpowiedzi

NumerTytułGość% Poprawnych
1BEZ SERCAMiszel & matiskater
92%
6OSCARWhite Widow
92%
14SÓL
90%
3TOXIC LUVWhite 2115
88%
4PRZEKRĘTTrill Pem
87%
10FANTAWaima
85%
2BALLADA O SAMOTNOŚCI (vlone)
84%
548100
81%
8BEKSA
80%
12ZIOMECZKI ZIOMY
77%
13S3N!
76%
16BLIK
75%
17TRILL
74%
9BARDZO BOLI
72%
11NIGDY NIE ŚPIĘ
72%
18TOAST
72%
7MAM JUŻ DOŚĆ
70%
15WOLNOŚĆ
68%

Rozkład punktacji

Percentyl według liczby udzielonych odpowiedzi

Procent ludzi z każdym wynikiem

Twoja historia wyników

Nie rozwiązałeś tego quizu